| 000 | 00657cpmaa2200205 4500 | ||
|---|---|---|---|
| 001 | mm 79000580 | ||
| 003 | DLC | ||
| 005 | 20260227111632.0 | ||
| 008 | 790413|||||||||||| eng | ||
| 010 | _amm 79000580 | ||
| 040 |
_aDLC _cDLC _edacs _dDLC |
||
| 072 | 7 |
_aN _2lcmd |
|
| 100 | 1 | _aCorcoran, Thomas. | |
| 245 | 0 | 0 |
_aThomas Corcoran papers, _f1812-1845. |
| 300 |
_a2 _fitems. |
||
| 506 | 0 | _aOpen to research. | |
| 546 | _aCollection material in English. | ||
| 580 | _aForms part of: Miscellaneous Manuscripts collection. | ||
| 999 |
_c40505 _d40505 |
||